书目信息 |
| 题名: |
超分子液晶
|
|
| 作者: | 宴华 编著 | |
| 分册: | ||
| 出版信息: | 北京 科学出版社 2000 |
|
| 页数: | 230 | |
| 开本: | 20cm | |
| 丛书名: | ||
| 单 册: | ||
| 中图分类: | O753 | |
| 科图分类: | ||
| 主题词: | 非晶态 , 类晶态 | |
| 电子资源: | ||
| ISBN: | 7-03-008728-3 | |
| 000 | 00512nam0 2200193 450 | |
| 001 | 0754114953 | |
| 005 | 20070929150154.95 | |
| 010 | @a7-03-008728-3@b精装 | |
| 100 | @a20070929d km y0chiy0120 ea | |
| 101 | 0 | @achi |
| 200 | 1 | @a超分子液晶@Achao fen zi ye jing@f宴华 编著@Fyan hua bian zhu |
| 210 | @a北京@c科学出版社@d2000 | |
| 215 | @a230@c插图@d20cm | |
| 606 | 0 | @a非晶态 |
| 606 | 0 | @a类晶态 |
| 690 | @aO753@v3 | |
| 701 | 0 | @a宴华@Ayan hua@4编著 |
| 801 | 0 | @aCN@bPFT@c20070929 |
| 905 | @a213230@dO753@eh5@f1 | |
| 超分子液晶/宴华 编著.-北京:科学出版社,2000 |
| 230:插图;20cm |
| ISBN 7-03-008728-3(精装): |
| ● |
| 相关链接 |
|
|
|
|
正题名:超分子液晶
索取号:O753/h5
 
预约/预借
| 序号 | 登录号 | 条形码 | 馆藏地/架位号 | 状态 | 备注 |
| 1 | 6001344 | 260013443 | 密集书库-化学系/ [索取号:O753/h5] | 在馆 | |
| 2 | 6001345 | 260013452 | 密集书库-化学系/ [索取号:O753/h5] | 在馆 |